Lego Super Hero Slideshow Quiz Stats

 Plays Quiz Updated Mar 19, 2020

Support Sporcle.
Go Orange.
Score 0/41 Timer 08:00
0 Plays Today
% Correct
Batman
99.8%
Superman
96.8%
Spider-Man
95.6%
Iron Man
94.6%
The Hulk
94.4%
Green Lantern
93.5%
Robin
92.9%
Captain America
92.6%
Joker
89.2%
Wonder Woman
89%
Thor
87.8%
Wolverine
87.3%
Catwoman
85%
Two Face
83.2%
The Penguin
79.5%
The Riddler
78.8%
Poison Ivy
73.5%
Aquaman
72.9%
Black Widow
71.4%
Doctor Octopus
71.3%
Scarecrow
71.2%
% Correct
Venom
69.7%
Loki
67.9%
Magneto
67.4%
Bane
66.4%
Harley Quinn
62.6%
Deadpool
60%
Nick Fury
57.4%
Green Arrow
55.2%
Dr. Doom
52.6%
Mr. Freeze
51.3%
Green Goblin
50%
Hawkeye
46.1%
Nightwing
42.4%
Lex Luthor
38.1%
Killer Croc
33.9%
General Zod
30.2%
Iron Fist
28.7%
Spider Woman
27.1%
Nova
23%
Beetle
14.4%

You're not logged in!

Compare scores with friends on all Sporcle quizzes.
OR
Log In

From the Vault

Click a Bob

by Cortez

Finally an answer to the question 'What about Bob?'
Remove Ads.
Support Sporcle.
Get the best of Sporcle when you Go Orange. This ad-free experience offers more features, more stats, and more fun while also helping to support Sporcle. Thank you for becoming a member.

Show Comments

Extras

Top Quizzes Today


Score Distribution

Your Account Isn't Verified!

In order to create a playlist on Sporcle, you need to verify the email address you used during registration. Go to your Sporcle Settings to finish the process.

Report this User

Report this user for behavior that violates our Community Guidelines.

Details: